MARC

LEADER 00000nas a2200000 a 4500
001 ssj0000515
003 WaSeSS
005 20200512172242.0
006 m d
007 cr n
008 730821c19739999njuar s bs 0 a0eng
010 |a  73643784   |z  2012252269 
016 7 |a 2650651-8  |2 DE-600 
016 7 |a 010491592  |2 Uk 
016 7 |a 196662-5  |2 DE-600 
019 |a 1779445  |a 2071085  |a 2263065  |a 219833549  |a 317235555  |a 433665747  |a 714983658  |a 775674867  |a 785090510  |a 794058348  |a 811256970  |a 990568644  |a 994474137  |a 1001005434 
022 |l 0047-2697  |y 0047-2697 
035 |a (WaSeSS)ssj0000515 
037 |b Transaction Publishers, State University of New Jersey, 35 B34473 Circle, Piscataway, New Jersey 08854-8042 
040 |a DLC  |b eng  |c DLC  |d NSD  |d OCL  |d NSD  |d AIP  |d NSD  |d AIP  |d NST  |d NSD  |d NST  |d HUL  |d OCL  |d NST  |d DLC  |d NST  |d NSD  |d NST  |d IUL  |d SYS  |d OCLCQ  |d NLGGC  |d CDS  |d LVB  |d CUS  |d OCLCQ  |d TJC  |d WAU  |d CDS  |d CUV  |d IWA  |d OUN  |d HEBIS  |d TOH  |d NIALS  |d UKMGB  |d OCLCQ  |d CUD  |d OCLCO  |d IXA  |d OCLCQ  |d ZYU  |d FUG  |d OCLCQ  |d DEBSZ  |d OCLCF  |d YDXCP  |d OCLCO  |d HLS  |d YDX  |d LIP  |d XFH  |d OCLCA  |d GILDS  |d DLC  |d WaSeSS 
042 |a pcc  |a nsdp 
050 0 0 |a HM1  |b .J22 
082 0 4 |a 301.5/9/05 
210 0 |a J. polit. mil. soc. 
222 0 |a Journal of political & military sociology 
245 0 0 |a Journal of political & military sociology  |h [electronic resource] :  |b JPMS. 
246 1 0 |a JPMS 
246 1 |a Journal of political and military sociology 
246 1 |i Volume 38- have title:  |a Political and military sociology 
246 1 |a Political and military sociology, an annual review 
260 |3 1973-2011  |a DeKalb, Ill. :  |b Journal of Political and Military Sociology,  |c 1973- 
260 2 |3 2012- :  |a New Brunswick, N.J. :  |b Transaction [Publishers] 
260 3 |3 2017- :  |a New York, NY :  |b Routledge, Taylor & Francis 
310 |a Annual,  |b 2010- 
321 |a Semiannual,  |b 1973-2009 
362 0 |a Vol. 1, no. 1 (spring 1973)- 
500 |a Title from cover. 
500 |a Some volumes have also distinctive titles. 
506 |a License restrictions may limit access. 
588 |a Latest issue consulted: Vol. 44. 
650 0 |a Political sociology  |v Periodicals. 
650 0 |a Sociology, Military  |v Periodicals. 
650 6 |a Sociologie politique  |v Périodiques. 
650 6 |a Sociologie militaire  |v Périodiques. 
650 1 7 |a Politieke sociologie.  |2 gtt 
650 1 7 |a Krijgskunde.  |2 gtt 
650 7 |a Political sociology.  |2 fast  |0 (OCoLC)fst01069877 
650 7 |a Sociology, Military.  |2 fast  |0 (OCoLC)fst01123942 
655 0 |a Electronic journals. 
710 2 |a Transaction Publishers. 
776 0 8 |i Microfilm version:  |c Microfilm  |d University Microfilms International  |w (DLC)sf 89091046  |w (OCoLC)6429637 
850 |a AU  |a CStclU  |a CaNSHD  |a DGW  |a DLC  |a DeU  |a IaAS  |a IaU  |a InU  |a KyLoU  |a MBMU  |a MH-CI  |a MoSW  |a NBC  |a NBuU  |a NN  |a NcWsW  |a OC  |a PU  |a ViBlbV 
856 4 0 |z Full text available from Research Library: 12/01/1996 to 12/31/2009  |u https://search.proquest.com/publication/35420